[Event "ESP-ch U10 rapid"]
[Site "Salobrena"]
[Date "2024.07.06"]
[Round "1"]
[White "Lema Fernandez, Javier"]
[Black "Rusu Rodes, Marc"]
[Result "1-0"]
[WhiteElo "1672"]
[BlackElo "1438"]
[PlyCount "111"]
[EventDate "2024.07.06"]
[EventType "swiss (rapid)"]
[EventRounds "9"]
[EventCountry "ESP"]
[SourceTitle "EXT 2025"]
[Source "ChessBase"]
[SourceDate "2024.10.14"]
[SourceVersion "1"]
[SourceVersionDate "2024.10.14"]
[SourceQuality "1"]

1. e4 e5 2. Nf3 d5 3. Nxe5 Bd6 4. d4 dxe4 5. Bf4 Nf6 6. Bc4 0-0 7. 0-0 Bf5 8. Nd2 Bxe5 9. Bxe5 Nc6 10. Bxf6 Qxf6 11. c3 Qg6 12. Kh1 Rfe8 13. Re1 a6 14. Nf1 Rad8 15. Ng3 Ne5 16. Be2 Bg4 17. Kg1 Bxe2 18. Qxe2 Nc6 19. Nxe4 f5 20. Qc4+ Kh8 21. Nc5 Rxe1+ 22. Rxe1 f4 23. f3 b5 24. Qe2 a5 25. Qxb5 Re8 26. Qf1 Rxe1 27. Qxe1 h6 28. Qe4 Kh7 29. Qxg6+ Kxg6 30. Ne6 Kf6 31. Nxf4 g5 32. Nd5+ Kf5 33. Nxc7 Kf4 34. Kf2 g4 35. Nd5+ Kg5 36. fxg4 Kxg4 37. h3+ Kh4 38. Ne3 h5 39. d5 Ne5 40. d6 Kg5 41. c4 Kf6 42. Ke2 Ke6 43. g4 Kxd6 44. gxh5 Ke6 45. h6 Kf6 46. Ng4+ Nxg4 47. hxg4 Kg6 48. c5 Kxh6 49. c6 Kg5 50. c7 Kxg4 51. c8Q+ Kf4 52. Qc5 Kg4 53. Qe5 Kh4 54. Qg7 Kh5 55. Kf3 Kh4 56. Qg4# 1-0